| 000 | 00745cam a2200265Ia 4500 | ||
|---|---|---|---|
| 001 | 16318472 | ||
| 003 | OCoLC | ||
| 005 | 20221221180408.0 | ||
| 008 | 870730s1986 sp a j 000 0 spa d | ||
| 020 |
_a8476552319 : _c$4.00 |
||
| 020 | _a9788476552315 | ||
| 040 |
_aDZM _cDZM _dOCoLC _dUtOrBLW |
||
| 041 | 0 |
_aspa _aeng |
|
| 092 |
_aj423 _bMi |
||
| 110 | 2 | _aWalt Disney Productions. | |
| 245 | 1 | 0 |
_aMi primer diccionario de ingles / _cWalt Disney. |
| 260 |
_aMadrid : _bPlaza Joven, _cc1986. |
||
| 300 |
_a109 p. : _bcol. ill. ; _c29 cm. |
||
| 336 |
_atext _btxt _2rdacontent. |
||
| 337 |
_aunmediated _bn _2rdamedia. |
||
| 338 |
_avolume _bnc _2rdacarrier. |
||
| 500 | _aAt head of title: Walt Disney. | ||
| 650 | 0 | _aVocabulary. | |
| 942 | _cBK | ||
| 999 |
_c27583 _d27583 |
||